Η Περιπέτεια ενός βιβλίου

Saved in:
Bibliographic Details
Main Author: Καχτίτσης, Νίκος, 1926-1970
Format: Book
Language:Greek
Published: Αθήνα : Στιγμή, 1985
Subjects:
Tags: Add Tag
No Tags, Be the first to tag this record!

MARC

LEADER 00000nam a2200000 i 4500
001 1/55449
008 941103s1985 gre d
035 |a 1994  |c ΒΙΒΛΙΟΘΗΚΗ  |l 10045289 
040 |a GR-MY-UA  |b gre  |e aacr 
041 0 |a gre 
082 0 |a 889.4 
100 1 |a Καχτίτσης, Νίκος,   |d 1926-1970. 
245 1 2 |a Η Περιπέτεια ενός βιβλίου /  |c Νίκος Καχτίτσης 
260 |a Αθήνα :   |b Στιγμή,   |c 1985 
300 |a 146 σ.;  |c 20 cm. 
650 0 0 |a Greek essays, Modern. 
852 |a INST  |b SAMOS  |e 19941103  |h 889.4 ΚΑΧ  |p 005300006715  |q 005300006715  |t BK  |y 0 
909 |a Σ  |b 034798